000 02461nam2a22003971 4500
001 v19\rc\2099942
005 20250620043935.0
035 _a(NLR Aleph) 005176043
090 _a5101654
_c5101654
100 _a20090914d1808 |||y0rusy50 ca
101 0 _arus
102 _aRU
135 _acrcn 024anaba
140 _af y e aayaa0000
200 0 _aЧ. 2
215 _a[12], 317, [3] с.
316 _aЭкз. РНБ (18.314.7.7(ч.2)) в коричневом мармор. цельнокожаном картон. пер. На нижней крышке пер. экслибрис рус. фонда РНБ с шифром. Корешок гладкий, с тиснением золотом. Позолота почти полностью утрачена. На корешке коричневая кожаная наклейка, на которой вытиснено: "Сочинения Державина 2". На форзаце ярлык с шифром РНБ. Размер: 20,5х13,5х3,2 см.
_5NLR: 18.314.7.7(ч.2)
317 _aВ экз. РНБ (18.314.7.7(ч.2)) на тит. л. владельч. запись: "Из книг Владимира Обручева".
_5NLR: 18.314.7.7(ч.2)
325 _aКопия доступна в Электрон. б-ке РНБ
461 0 _1001v19\rc\2099940
_12001#$aСочинения Державина$vЧ. 2
_95101641
_aДержавин, Г. Р. (1743-1816)
_cВ Санктпетербурге
_d1808
_nв типографии Шнора
_p4 т.
_tСочинения Державина
_vЧ. 2
702 1 _aОбручевых
_bВ.
_gВладимир
_5NLR: 18.314.7.7 (ч.2)
801 0 _aRU
_bNLR
_gpsbo
801 1 _aRU
_bProSoft-M
_2rusmarc
801 2 _aRU
_bNLR
_c20141204
_2rusmarc
852 _aNLR
_j18.314.7.7(ч.2)
852 _aNLR
_j105/186(ч.2)
852 _aNLR
_bРЗФ
_j18 в. 3/148 (ч.2)
852 _aNLR
_bРЗФ
_j18 в. 3/148 (ч.2)а
942 _cBOOK
980 _aNB
981 3 3 _a(33) Художественная литература
_b(33) Отечественная литература
981 2 0 _a(20) Книжные памятники РНБ
_b(20) Русский книжный фонд